Kapely a ich hity #1 - Statistics

General Stats
  • This quiz has been taken 2 times
  • The average score is 8 of 15
Answer Stats
Hint Answer % Correct
I Don't Wanna Be In Love, Keep Your Hands Off My Girl, The River Good Charlotte
100%
Maps, Animals, Payphone Maroon 5
100%
I Want You, Truly Madly Deeply, The Animal Song Savage Garden
100%
Somebody Told Me, Mr. Brightside, Human The Killers
100%
Chasing The Sun, Glad You Came, Walks Like Rihanna The Wanted
100%
Walk of Life, Sultans of Swings,So Far Away Dire Straits
50%
Hungry Like the Wolf, Ordinary World, Invisible Duran Duran
50%
Mystify, Need You Tonight, Never Tear Us Apart INXS
50%
Ace Of Spades, Overkill, Hellraiser Motörhead
50%
Should I Stay or Should I Go, Koka Kola, London Calling The Clash
50%
Hall of Fame, Superheroes, Breakeven The Script
50%
Aqualung, Locomotive Breath, Bouree Jethro Tull
0%
Wherever You Are, All I Want, Brother Kodaline
0%
Don't Get Me Wrong, I'll Stand by You, Brass in Pocket The Pretenders
0%
Monsoon, Pain Of Love, Automatic Tokyo Hotel
0%
No matching quizzes found
Score Distribution
Percent of People with Each Score
Percentile by Number Answered
Your Score History
You have not taken this quiz